| 000 | 00415cam a2200145ua 4500 | ||
|---|---|---|---|
| 041 |
_aeng _h |
||
| 082 |
_a539.7 _bPIP/SE |
||
| 100 | _aPiprek, Joachim . | ||
| 245 |
_aSemiconductor optoelectronic devices: Introduction to physics and simulation / _cJoachim Piprek. _hTextual Documents |
||
| 260 |
_aNew York : _bAcademic Press , _c2008. |
||
| 300 | _a279 ; . | ||
| 504 | _a | ||
| 942 | _cBK | ||
| 999 |
_c13377 _d13377 |
||